Risks and challenges in medical tourism (Record no. 153444)
[ view plain ]
| 000 -LEADER | |
|---|---|
| fixed length control field | 01548cam a2200373Ka 4500 |
| 001 - CONTROL NUMBER | |
| control field | vtls003249999 |
| 003 - CONTROL NUMBER IDENTIFIER | |
| control field | MY-SjTCS |
| 005 - DATE AND TIME OF LATEST TRANSACTION | |
| control field | 20200508124755.0 |
| 006 - FIXED-LENGTH DATA ELEMENTS--ADDITIONAL MATERIAL CHARACTERISTICS | |
| fixed length control field | m o d |
| 007 - PHYSICAL DESCRIPTION FIXED FIELD--GENERAL INFORMATION | |
| fixed length control field | cr cnu---unuuu |
| 008 - FIXED-LENGTH DATA ELEMENTS--GENERAL INFORMATION | |
| fixed length control field | 121224s2012 caua ob 001 0 eng d |
| 020 ## - INTERNATIONAL STANDARD BOOK NUMBER | |
| International Standard Book Number | 9780313399367 (electronic bk.) |
| 020 ## - INTERNATIONAL STANDARD BOOK NUMBER | |
| International Standard Book Number | 0313399360 (electronic bk.) |
| 020 ## - INTERNATIONAL STANDARD BOOK NUMBER | |
| Canceled/invalid ISBN | 9780313399350 |
| 020 ## - INTERNATIONAL STANDARD BOOK NUMBER | |
| Canceled/invalid ISBN | 0313399352 |
| 035 ## - SYSTEM CONTROL NUMBER | |
| System control number | (OCoLC)809539194 |
| 035 ## - SYSTEM CONTROL NUMBER | |
| System control number | (OCoLC)ocn809539194 |
| 039 #9 - LEVEL OF BIBLIOGRAPHIC CONTROL AND CODING DETAIL [OBSOLETE] | |
| -- | 201212241420 |
| -- | shuhada |
| 060 14 - NATIONAL LIBRARY OF MEDICINE CALL NUMBER | |
| Classification number | 2012 G-688 |
| 060 14 - NATIONAL LIBRARY OF MEDICINE CALL NUMBER | |
| Classification number | W 84.1 |
| 082 04 - DEWEY DECIMAL CLASSIFICATION NUMBER | |
| Classification number | 362.1 |
| Edition number | 23 |
| 245 00 - TITLE STATEMENT | |
| Title | Risks and challenges in medical tourism |
| Medium | [electronic resource] : |
| Remainder of title | understanding the global market for health services / |
| Statement of responsibility, etc. | Jill R. Hodges, Leigh Turner, and Ann Marie Kimball, editors. |
| 260 ## - PUBLICATION, DISTRIBUTION, ETC. | |
| Place of publication, distribution, etc. | Santa Barbara, Calif. : |
| Name of publisher, distributor, etc. | Praeger, |
| Date of publication, distribution, etc. | c2012. |
| 300 ## - PHYSICAL DESCRIPTION | |
| Extent | 1 online resource (vi, 329 p.) : |
| Other physical details | ill. |
| 504 ## - BIBLIOGRAPHY, ETC. NOTE | |
| Bibliography, etc. note | Includes bibliographical references and index. |
| 588 ## - SOURCE OF DESCRIPTION NOTE | |
| Source of description note | Description based on print version record. |
| 650 #0 - SUBJECT ADDED ENTRY--TOPICAL TERM | |
| Topical term or geographic name entry element | Medical tourism. |
| 9 (RLIN) | 33408 |
| 650 #0 - SUBJECT ADDED ENTRY--TOPICAL TERM | |
| Topical term or geographic name entry element | Electronic books. |
| 700 1# - ADDED ENTRY--PERSONAL NAME | |
| Personal name | Hodges, Jill R. |
| 700 1# - ADDED ENTRY--PERSONAL NAME | |
| Personal name | Turner, Leigh. |
| 700 1# - ADDED ENTRY--PERSONAL NAME | |
| Personal name | Kimball, Ann Marie. |
| 776 08 - ADDITIONAL PHYSICAL FORM ENTRY | |
| Relationship information | Print version: |
| Title | Risks and challenges in medical tourism. |
| Place, publisher, and date of publication | Santa Barbara, Calif. : Praeger, c2012 |
| International Standard Book Number | 9780313399350 |
| Record control number | (DLC) 2012008764 |
| -- | (OCoLC)768800267 |
| 856 40 - ELECTRONIC LOCATION AND ACCESS | |
| Uniform Resource Identifier | https://ezproxy.taylors.edu.my/login?url=http://search.ebscohost.com/login.aspx?direct=true&scope=site&db=nlebk&db=nlabk&AN=476262 |
| Public note | Accessible through the World Wide Web; click to view |
| Withdrawn status | Lost status | Source of classification or shelving scheme | Damaged status | Not for loan | Home library | Current library | Date acquired | Cost, normal purchase price | Total Checkouts | Date last seen | Price effective from | Koha item type | Public note |
|---|---|---|---|---|---|---|---|---|---|---|---|---|---|
| Dewey Decimal Classification | e-book | Taylor's Library-TU | Taylor's Library - Perpetual(TU) | 21/02/2020 | 224.64 | 21/02/2020 | 21/02/2020 | Main Collection | SHTEx,70005,03,CL,PPT |